MARC details
| 000 -LEADER |
| campo de control de longitud fija |
01421nam a2200325 i 4500 |
| 001 - NÚMERO DE CONTROL |
| campo de control |
190412 |
| 003 - IDENTIFICADOR DE NÚMERO DE CONTROL |
| campo de control |
ES-MaACL |
| 005 - FECHA Y HORA DE LA ÚLTIMA TRANSACCIÓN |
| campo de control |
20250511122606.0 |
| 008 - DATOS DE LONGITUD FIJA--INFORMACIÓN GENERAL |
| campo de control de longitud fija |
210322s2001 sp a 001 0bspa d |
| 020 ## - NÚMERO INTERNACIONAL ESTÁNDAR DEL LIBRO |
| Número Internacional Estándar del Libro |
84-8489-006-6 |
| 020 ## - NÚMERO INTERNACIONAL ESTÁNDAR DEL LIBRO |
| Número Internacional Estándar del Libro |
3-89354-492-5 |
| 080 ## - NÚMERO DE LA CLASIFICACIÓN DECIMAL UNIVERSAL |
| Número de la Clasificación Decimal Universal |
821.134.2 Calderón de la Barca, Pedro 1.07 |
| 080 ## - NÚMERO DE LA CLASIFICACIÓN DECIMAL UNIVERSAL |
| Número de la Clasificación Decimal Universal |
929 Calderón de la Barca, Pedro |
| 100 1# - ENTRADA PRINCIPAL--NOMBRE DE PERSONA |
| Nombre de persona |
Cotarelo y Mori, Emilio, |
| Fechas asociadas al nombre |
1857-1936 |
| 9 (RLIN) |
41168 |
| 245 10 - MENCIÓN DEL TÍTULO |
| Título |
Ensayo sobre la vida y obras de D. Pedro Calderón de la Barca / |
| Mención de responsabilidad, etc. |
por Emilio Cotarelo y Mori ; edición facsímil al cuidado de Ignacio Arellano y Juan Manuel Escudero. |
| 260 ## - PUBLICACIÓN, DISTRIBUCIÓN, ETC. |
| Lugar de publicación, distribución, etc. |
Madrid : |
| Nombre del editor, distribuidor, etc. |
Iberoamericana ; |
| Lugar de publicación, distribución, etc. |
Frankfurt am Main : |
| Nombre del editor, distribuidor, etc. |
Vervuert, |
| Fecha de publicación, distribución, etc. |
2001. |
| 300 ## - DESCRIPCIÓN FÍSICA |
| Extensión |
376 p. : |
| Otras características físicas |
il. ; |
| Dimensiones |
24 cm. |
| 490 1# - MENCIÓN DE SERIE |
| Mención de serie |
Biblioteca áurea hispánica ; |
| Designación de volumen o secuencia |
12 |
| 534 ## - NOTA SOBRE LA VERSIÓN ORIGINAL |
| Frase introductoria |
Reprod. de la ed. de: |
| Publicación, distribución, etc. del original |
Madrid : Tip. de la "Rev. de Arch., Bibl. y Museos", 1924. Parte primera. |
| 600 14 - PUNTO DE ACCESO ADICIONAL DE MATERIA--NOMBRE DE PERSONA |
| Nombre de persona |
Calderón de la Barca, Pedro, |
| Fechas asociadas al nombre |
1600-1681 |
| 9 (RLIN) |
239594 |
| 650 14 - PUNTO DE ACCESO ADICIONAL DE MATERIA--TÉRMINO DE MATERIA |
| Término de materia o nombre geográfico como elemento de entrada |
|
| 9 (RLIN) |
239588 |
| 700 1# - ENTRADA AGREGADA--NOMBRE PERSONAL |
| Nombre de persona |
Arellano, Ignacio. |
| 9 (RLIN) |
22580 |
| 700 1# - ENTRADA AGREGADA--NOMBRE PERSONAL |
| Nombre de persona |
Escudero Baztán, Juan M. |
| 9 (RLIN) |
147974 |
| 830 1# - PUNTO DE ACCESO ADICIONAL DE SERIE-TÍTULO UNIFORME |
| Título uniforme |
Biblioteca áurea hispánica ; |
| Designación de volumen o secuencia |
12 |
| 9 (RLIN) |
188819 |
| 852 ## - LOCALIZACIÓN |
| Ubicación |
ES-MaACL |
| Número de control de estantería |
A-14611 |
| itemnumber |
197589 |
| Sublocalización o colección |
R.152191 |
| Ubicación en estantería |
Depósito 1 |
| Signatura antigua |
Olim: N-7611 |
| Donativo/Legado |
Donación: Manuela Estévez |
| Encuadernación |
Encuadernación en cartoné |
| 903 ## - NOMBRE PERSONAL DE DONANTE |
| 9 |
234418 |
| a |
Estévez, Manuela |
| e |
Donante |
| 942 ## - ELEMENTOS DE ENTRADA SECUNDARIOS (KOHA) |
| Fuente del sistema de clasificación o colocación |
Clasificación decimal universal |
| Tipo de ítem Koha |
Libro impreso |